Tottenham Hotspur most expensive sales - Statistics

General Stats
  • This quiz has been taken 140 times
  • The average score is 8 of 10
Answer Stats
Sold to Season Price (€) Player % Correct
Bayern Munich 23/24 95 million Harry Kane
100%
Real Madrid 13/14 101 million Gareth Bale
99%
Manchester City 17/18 52.7 million Kyle Walker
92%
Real Madrid 12/13 35 million Luka Modrić
90%
Manchester United 08/09 38 million Dimitar Berbatov
75%
Internazionale 19/20 27 million Christian Eriksen
70%
Ajax 22/23 31.25 million Steven Bergwijn
69%
Leicester City 24/25 23.5 million Oliver Skipp
68%
Manchester United 06/07 27.2 million Michael Carrick
51%
Liverpool 08/09 24 million Robbie Keane
43%
No matching quizzes found
Score Distribution
Percent of People with Each Score
Percentile by Number Answered
Your Score History
You have not taken this quiz